000 00371nam a2200145Ia 4500
008 230917s9999||||xx |||||||||||||| ||und||
040 _e60217
_aMAIN
041 _aEnglish
082 _a368.2 S51S
100 _aIndia, General Insurance Corporation
245 0 _aCargo loss prevention
260 _aBombay
_bP S Swaminathan
_c1976
300 _av, 478 p.
942 _cBK
999 _c196114
_d196114